| 000 | 00532 a2200133 4500 | ||
|---|---|---|---|
| 001 | 88154 | ||
| 082 | _aPR 378 | ||
| 090 |
_c41564 _d41564 |
||
| 100 | _aIntizar Ahmed; Atiq ur rehman; Jehanzeb masood; ishaat saboor advisors | ||
| 245 |
_aTo develop pressure data acquisition system for CAE closed circuit subsonic wind tunnel, using pressure distribution from CFD and to calibrate and configure the system using analog voltage signal _nG-62 |
||
| 260 |
_aRisalpur _bNUST _c2007 |
||
| 300 | _aix, 77 p. | ||
| 500 | _aBE project reports | ||
| 942 |
_aCAE NUST _kPR 378 |
||
| 999 |
_c323227 _d323227 |
||